ITA-Dux de Venecia - Estadísticas

Estadísticas generales
  • Esta prueba ha sido intentada 5 veces
  • La puntuación promedio es 54 de 120
Estadísticas de respuestas
Dogado Nombre % Correcto
1655-1656 Carlo Contarini
100%
1732-1735 Carlo Ruzzini
100%
1615-1618 Giovanni Bembo
100%
1280-1289 Giovanni Dandolo
100%
1356-1361 Giovanni Dolfin
100%
797-804 Giovanni Galbaio
100%
1355-1356 Giovanni Gradenigo
100%
1625-1629 Giovanni I Corner
100%
1709-1722 Giovanni II Corner
100%
881-887 Giovanni II Partecipazio
100%
829-836 Giovanni I Participazio
100%
1478-1485 Giovanni Mocenigo
100%
1658-1659 Giovanni Pesaro
100%
1312-1328 Giovanni Soranzo
100%
1521-1523 Antonio Grimani
75%
1618-1623 Antonio Priuli
75%
1382-1400 Antonio Venier
75%
1684-1688 Marcantonio Giustinian
75%
1612-1615 Marcantonio Memmo
75%
1553-1554 Marcantonio Trivisan
75%
1026-1030 Pietro Barbolano o Centranico
75%
1289-1311 Pietro Gradenigo
75%
1741-1752 Pietro Grimani
75%
887 Pietro I Candiano
75%
932-939 Pietro II Candiano
75%
942-959 Pietro III Candiano
75%
991-1009 Pietro II Orseolo
75%
976-978 Pietro I Orseolo
75%
959-976 Pietro IV Candiano
75%
1539-1545 Pietro Lando
75%
1567-1570 Pietro Loredan
75%
1474-1476 Pietro Mocenigo
75%
939-942 Pietro Participazio
75%
1130-1148 Pietro Polani
75%
836-864 Pietro Tradonico
75%
887-912 Pietro Tribuno
75%
1205-1229 Pietro Ziani
75%
1368-1382 Andrea Contarini
50%
1343-1354 Andrea Dandolo
50%
1523-1538 Andrea Gritti
50%
1476-1478 Andrea Vendramin
50%
1623-1624 Francesco Contarini
50%
1656 Francesco Corner
50%
1329-1339 Francesco Dandolo
50%
1545-1553 Francesco Donato
50%
1631-1646 Francesco Erizzo
50%
1423-1457 Francesco Foscari
50%
1752-1762 Francesco Loredan
50%
1646-1655 Francesco Molin
50%
1688-1694 Francesco Morosini
50%
1554-1556 Francesco Venier
50%
1275-1280 Jacopo Contarini
50%
1229-1249 Jacopo Tiepolo
50%
1485-1486 Marco Barbarigo
50%
1365-1368 Marco Corner
50%
1762-1763 Marco Foscarini
50%
1382 Michele Morosini
50%
1400-1413 Michele Steno
50%
1471-1473 Niccolò Tron
50%
1630-1631 Nicolò Contarini
50%
1578-1585 Nicolò Da Ponte
50%
1618 Nicolò Donà
50%
1473-1474 Nicolò Marcello
50%
1675-1676 Nicolò Sagredo
50%
1414-1423 Tommaso Mocenigo
50%
1486-1501 Agostino Barbarigo
25%
1676-1684 Alvise Contarini
25%
1722-1732 Alvise III Sebastiano Mocenigo
25%
1700-1709 Alvise II Mocenigo
25%
1570-1577 Alvise I Mocenigo
25%
1763-1778 Alvise IV Giovanni Mocenigo
25%
1735-1741 Alvise Pisani
25%
1032-1043 Domenico Flabanico
25%
1043-1071 Domenico I Contarini
25%
1659-1675 Domenico II Contarini
25%
1117-1130 Domenico Michiel
25%
756-764 Domenico Monegario
25%
1148-1156 Domenico Morosini
25%
1071-1084 Domenico Silvo
25%
1192-1205 Enrico Dandolo
25%
1559-1567 Girolamo Priuli
25%
827-829 Giustiniano Participazio
25%
1606-1612 Leonardo Donà
25%
1501-1521 Leonardo Loredan
25%
1789-1797 Lodovico Manin
25%
1361-1365 Lorenzo Celsi
25%
1556-1559 Lorenzo Priuli
25%
1268-1275 Lorenzo Tiepolo
25%
1354-1355 Marino Falier
25%
1595-1605 Marino Grimani
25%
1249-1253 Marino Morosini
25%
1311-1312 Marino Zorzi
25%
912-932 Orso II Participazio
25%
864-881 Orso I Partecipazio
25%
726-737 Orso Ipato
25%
1009-1026 Ottone Orseolo
25%
1779-1789 Paolo Renier
25%
1585-1595 Pasquale Cicogna
25%
1457-1462 Pasquale Malipiero
25%
811-827 Angelo Participazio
0%
1339-1343 Bartolomeo Gradenigo
0%
1656-1658 Bertuccio Valier
0%
1462-1471 Cristoforo Moro
0%
755-756 Galla Lupanio/Gaulo
0%
717-726 Marcello Tegalliano
0%
764-797 Maurizio Galbaio
0%
804-810 Obelerio Antenoreo
0%
1102-1117 Ordelaffo Falier
0%
1178-1192 Orio Mastropiero
0%
697-717 Paulicio Anafesto
0%
1253-1268 Renier Zen
0%
1577-1578 Sebastiano Venier
0%
1172-1178 Sebastiano Ziani
0%
1694-1700 Silvestro Valier
0%
742-755 Teodato Ipato o Diodato
0%
979-991 Tribuno Memmo
0%
978-979 Vitale Candiano
0%
1084-1096 Vitale Falier
0%
1156-1172 Vitale II Michiel
0%
1096-1102 Vitale I Michiel
0%
No se encontraron pruebas coincidentes
Distribución de puntuación
Porcentaje de gente con cada puntuación
Porcentaje por número respondido
Historial de tus puntuaciones
No has intentado esta prueba.